|
|
|
|
| LEADER |
00000nab a2200000ua 4500 |
| 001 |
vtls010792391 |
| 003 |
SK-MaSNL |
| 005 |
20260303123809.0 |
| 008 |
230214s1968 xo |||||||||||||||||slo| |
| 035 |
|
|
|a (urnnbn)urn:nbn:sk:snk:ar-a03g37
|
| 035 |
|
|
|a (uuid)26569bc5-1bbe-4f7e-98ac-7295e94542af
|
| 035 |
|
|
|a urn:nbn:sk:snk-ab58y1
|
| 040 |
|
|
|a SNKBUCL
|b slo
|c SNKBUCL
|e AACR2
|
| 041 |
0 |
|
|a slo
|
| 044 |
|
|
|a xo
|c SK
|
| 100 |
1 |
|
|a Steinerová, E.
|4 aut
|9 1139904
|
| 245 |
1 |
0 |
|a MÜLLER E. - KÖGLER: PILZKRANKHEITEN BEI INSEKTEN (Hubové choroby hmyzu)
|c E. Steinerová
|
| 773 |
0 |
|
|t Bratislavské lekárske listy
|g Roč. 49, č. 5 (1968), s. 598-599
|
| 954 |
|
|
|a odborná, vedecká literatúra pôvodná (slovenská)
|2 lita
|
| 958 |
|
|
|a OND
|
| 958 |
|
|
|a EUIPO
|
| 958 |
|
|
|a article3
|
| 999 |
|
|
|c 1928014
|d 1929944
|